[Event "4th London Classic Open"]
[Site "London ENG"]
[Date "2012.12.03"]
[Round "3"]
[White "Skutta,B"]
[Black "Jackson,J"]
[Result "0-1"]
[WhiteElo "2067"]
[BlackElo "2222"]
[WhiteFideId "4666950"]
[BlackFideId "416860"]
[EventDate "2012.12.01"]

1. d4 d5 2. Nf3 e6 3. c4 c5 4. g3 Nc6 5. cxd5 exd5 6. Bg2 Nf6 7. O-O Be7 8. dxc5
Bxc5 9. a3 Ne4 10. b4 Be7 11. Bb2 Bf6 12. Qb3 O-O 13. Rd1 Be6 14. Nd4 Qb6 15. e3
a5 16. Bxe4 dxe4 17. Nxe6 Bxb2 18. Nxf8 Bxa1 19. Nd7 Qc7 20. b5 Ne7 21. Nd2 a4
22. Qb1 Qxd7 23. Qxa1 Rd8 24. Qe5 f5 25. Qc5 Ng6 26. Kf1 Qd5 27. Qxd5+ Rxd5 28.
Ke2 Ne5 29. Rb1 Rd3 30. f3 Rxa3 31. fxe4 fxe4 32. Nxe4 Ra2+ 33. Kf1 a3 34. Rc1
Rb2 35. Nf2 Rxf2+ 0-1

[Event "4th London Classic Open"]
[Site "London ENG"]
[Date "2012.12.03"]
[Round "3"]
[White "De Coverly,R"]
[Black "Grant,J"]
[Result "0-1"]
[WhiteElo "2038"]
[BlackElo "2217"]
[WhiteFideId "405213"]
[BlackFideId "2400294"]
[EventDate "2012.12.01"]

1. e4 c6 2. d4 d5 3. e5 Bf5 4. Nf3 e6 5. Be2 Nd7 6. O-O h6 7. Be3 Ne7 8. Nbd2
Nc8 9. Nb3 Be7 10. Ne1 Ncb6 11. Nc5 Nxc5 12. dxc5 Nd7 13. g4 Bh7 14. b4 Nxe5 15.
Bd4 Bf6 16. f4 Nd7 17. h4 Bxd4+ 18. Qxd4 Qxh4 19. Qxg7 Qf6 20. Qxf6 Nxf6 21. Kh2
a5 22. b5 Ne4 23. bxc6 bxc6 24. Nd3 Nc3 25. Bf3 Rb8 26. Kg3 f6 27. Rh1 Be4 28.
a4 Ke7 29. Rh2 Kf7 30. Ra3 Bxf3 31. Kxf3 Ne4 32. Ra1 Kg7 33. Re1 Rb7 34. Reh1
Nc3 35. g5 fxg5 36. fxg5 h5 37. Rh4 Rf7+ 38. Ke3 Rf5 39. Nf4 e5 40. Nxh5+ Kf7
41. Kd3 Rf3+ 42. Kd2 Ne4+ 43. Ke2 Nxg5 44. Rg4 Rf5 45. Ng3 Rxh1 46. Nxf5 Rh2+
47. Kd1 Ne4 48. Kc1 Nxc5 49. Nd6+ Kf6 50. Rg8 e4 51. Re8 Nxa4 52. Nb7 Nc3 53.
Nxa5 e3 54. Rxe3 Rh1+ 55. Kd2 Rd1+ 56. Kxc3 d4+ 0-1

[Event "4th London Classic Open"]
[Site "London ENG"]
[Date "2012.12.03"]
[Round "3"]
[White "Gikas,A"]
[Black "Carlile,Orison"]
[Result "0-1"]
[WhiteElo "2210"]
[BlackElo "2016"]
[WhiteFideId "4623509"]
[BlackFideId "2504120"]
[EventDate "2012.12.01"]

1. e4 e6 2. d4 d5 3. Nc3 Bb4 4. e5 c5 5. a3 Bxc3+ 6. bxc3 Qc7 7. Nf3 b6 8. Bb5+
Bd7 9. Bd3 Ba4 10. O-O c4 11. Be2 Nc6 12. Ng5 h6 13. Nh3 Nge7 14. Nf4 O-O-O 15.
Nh5 g6 16. Nf6 Nxe5 17. dxe5 Qxe5 18. Ng4 Qxc3 19. Ra2 Qg7 20. Qd2 Nc6 21. Bb2
d4 22. Bxc4 b5 23. Be2 f5 24. Bf3 Qc7 25. Bxc6 Qxc6 26. Ne5 Qd5 27. f4 Qxa2 28.
Bxd4 Rh7 29. Nc6 Rd6 30. Nb4 Qc4 31. c3 a5 32. Nd3 Rxd4 33. cxd4 Qxd4+ 34. Kh1
Rd7 35. Qxa5 Qxd3 36. Qa8+ Kc7 37. Rc1+ Bc2 38. h3 Qd2 39. Qa7+ Kd8 40. Qb6+ Ke8
41. Qxe6+ Kd8 42. Qf6+ Kc7 43. Qe5+ Kb6 44. Rg1 Be4 45. Qb8+ Bb7 46. a4 bxa4 47.
Qe8 Qd3 48. Kh2 g5 49. Qf8 Qd6 50. Rb1+ Ka7 51. Qe8 Qxf4+ 52. Kg1 Qd4+ 53. Kh2
Qe4 0-1

[Event "4th London Classic Open"]
[Site "London ENG"]
[Date "2012.12.03"]
[Round "3"]
[White "Stone,A ENG"]
[Black "Gschwendtner,S"]
[Result "1-0"]
[WhiteElo "2203"]
[BlackElo "2004"]
[WhiteFideId "404985"]
[BlackFideId "307297"]
[EventDate "2012.12.01"]

1. c4 c5 2. g3 Nc6 3. Bg2 e5 4. Nc3 g6 5. Nf3 Bg7 6. O-O Nge7 7. Ne1 d6 8. Nc2
Be6 9. Ne3 f5 10. Ned5 O-O 11. d3 h6 12. a3 a5 13. Rb1 Ra6 14. b4 axb4 15. axb4
cxb4 16. Nxb4 Rb6 17. Ba3 Nxb4 18. Bxb4 Nc6 19. Ba3 e4 20. Rxb6 Qxb6 21. Nb5 Ra8
22. Bxd6 Ra2 23. e3 Ne5 24. Bc7 Qc5 25. Bd6 Qb6 26. Bc7 Qc5 27. Nd4 Nf3+ 28.
Bxf3 Bxd4 29. exd4 Qxc7 30. dxe4 fxe4 31. Bxe4 Bxc4 32. Qg4 g5 33. Re1 Qf7 34.
Bf5 Rd2 35. h4 Qf6 36. hxg5 hxg5 37. Re5 Bb3 38. Qe4 Rd1+ 39. Kg2 Qa6 40. Re8+
Kg7 41. Qe7+ Bf7 1-0

[Event "4th London Classic Open"]
[Site "London ENG"]
[Date "2012.12.03"]
[Round "3"]
[White "Guo,E"]
[Black "Farrand,T"]
[Result "1-0"]
[WhiteTitle "WIM"]
[WhiteElo "2000"]
[BlackElo "2200"]
[WhiteFideId "3200795"]
[BlackFideId "406457"]
[EventDate "2012.12.01"]

1. d4 f5 2. Nf3 e6 3. g3 Nf6 4. Bg2 Be7 5. O-O O-O 6. c4 d6 7. Nc3 a5 8. b3 Qe8
9. Re1 Ne4 10. Qc2 Nxc3 11. Qxc3 Nc6 12. Bb2 Bf6 13. e4 e5 14. exf5 Bxf5 15.
dxe5 dxe5 16. Nd2 Qh5 17. Ne4 Nd4 18. Nxf6+ gxf6 19. Bd5+ Be6 20. Bxe6+ Nxe6 21.
Qe3 Ng5 22. Kg2 Qh3+ 23. Kh1 Qe6 24. Kg2 e4 25. Kh1 Qh3 26. Rg1 Rad8 27. Rg2 Rd3
28. Qf4 Qe6 29. g4 Rf3 30. Qxc7 e3 31. fxe3 Rxe3 32. Qxb7 Nh3 33. Qd5 Re8 34.
Qxe6+ R8xe6 35. Rd2 Nf2+ 36. Rxf2 1-0

[Event "4th London Classic Open"]
[Site "London ENG"]
[Date "2012.12.03"]
[Round "3"]
[White "Marusenko,P"]
[Black "Obiamiwe,P"]
[Result "1-0"]
[WhiteTitle "IM"]
[WhiteElo "2197"]
[BlackElo "1997"]
[WhiteFideId "14100606"]
[BlackFideId "8500215"]
[EventDate "2012.12.01"]

1. d4 Nf6 2. c4 g6 3. Nc3 Bg7 4. Bg5 O-O 5. e3 c5 6. Nf3 h6 7. Bf4 cxd4 8. exd4
d5 9. Qd2 h5 10. Be2 Nc6 11. O-O Ne4 12. Qe3 Nxc3 13. bxc3 dxc4 14. Bxc4 Na5 15.
Bd3 b6 16. Rfe1 e6 17. Ne5 Bb7 18. Nxg6 Re8 19. Ne5 Rc8 20. Bh6 Qf6 21. Bg5 1-0

[Event "4th London Classic Open"]
[Site "London ENG"]
[Date "2012.12.03"]
[Round "3"]
[White "Pleininger,R"]
[Black "Wallace,P"]
[Result "0-1"]
[WhiteElo "1997"]
[BlackElo "2193"]
[WhiteFideId "1305999"]
[BlackFideId "2500892"]
[EventDate "2012.12.01"]

1. e4 e5 2. Nf3 Nc6 3. d4 exd4 4. Bc4 Nf6 5. e5 d5 6. Bb5 Ne4 7. Nxd4 Bc5 8. Be3
Bd7 9. Bxc6 bxc6 10. O-O Qe7 11. f3 Nd6 12. f4 O-O 13. Nd2 f6 14. N2f3 Nc4 15.
Re1 fxe5 16. b3 Nxe3 17. Rxe3 Rxf4 18. c3 Re4 19. Qd3 exd4 20. Ree1 dxc3+ 0-1

[Event "4th London Classic Open"]
[Site "London ENG"]
[Date "2012.12.03"]
[Round "3"]
[White "Webster,R"]
[Black "Spivack,S"]
[Result "0-1"]
[WhiteElo "1994"]
[BlackElo "2192"]
[WhiteFideId "409162"]
[BlackFideId "404780"]
[EventDate "2012.12.01"]

1. e4 e5 2. Nf3 Nc6 3. Bb5 a6 4. Bxc6 dxc6 5. O-O f6 6. d4 Bd6 7. dxe5 Bxe5 8.
Qxd8+ Kxd8 9. Nxe5 fxe5 10. Bd2 Nf6 11. f3 Ke7 12. Bc3 Ke6 13. Nd2 c5 14. a4 Rb8
15. Rfd1 b6 16. Nc4 Nd7 17. Ne3 Bb7 18. Nd5 Rbc8 19. f4 Rhe8 20. Re1 Bc6 21. b3
Kf7 22. Rad1 a5 23. f5 c4 24. b4 axb4 25. Bxb4 Bxa4 26. Ne3 Nf6 27. Ra1 b5 28.
Ra2 c5 29. Rxa4 bxa4 30. Ba3 Red8 31. Nxc4 Rd4 32. Nxe5+ Kg8 33. Nd3 Rxe4 34.
Rc1 c4 35. Nc5 Re3 36. c3 Ne4 37. Nxa4 Ra8 38. Rb1 Nxc3 39. Nxc3 Rxc3 40. Bd6
Rd8 41. Bc5 Rcd3 42. Kf2 R3d5 0-1

[Event "4th London Classic Open"]
[Site "London ENG"]
[Date "2012.12.03"]
[Round "3"]
[White "Tart,P"]
[Black "Iwanow,A"]
[Result "0-1"]
[BlackTitle "WIM"]
[WhiteElo "1989"]
[BlackElo "2188"]
[WhiteFideId "471070"]
[BlackFideId "1135988"]
[EventDate "2012.12.01"]

1. e4 c5 2. Nc3 e6 3. f4 Nc6 4. Nf3 a6 5. g3 d5 6. d3 Nge7 7. Bg2 g6 8. O-O Bg7
9. Qe2 O-O 10. Nd1 b5 11. Nf2 Bb7 12. g4 f5 13. exd5 exd5 14. Qe6+ Kh8 15. Ng5
Nd4 16. Nf7+ Rxf7 17. Qxf7 Nxc2 18. Bd2 Nxa1 19. Re1 Ng8 20. Qxb7 Bxb2 21. Bxd5
Rb8 22. Qf7 Nc2 23. Re2 Bd4 24. g5 Qd6 25. Bb3 Na3 26. Bc1 c4 27. Bxa3 Qxa3 28.
dxc4 Qc1+ 29. Kg2 bxc4 30. Bxc4 Qxf4 31. Bb3 Qxg5+ 32. Kf1 Qc1+ 33. Re1 Qf4 34.
Re2 Rc8 35. Bc4 Qc1+ 0-1

[Event "4th London Classic Open"]
[Site "London ENG"]
[Date "2012.12.03"]
[Round "3"]
[White "Williamson,R"]
[Black "Koch,Ala2"]
[Result "1/2-1/2"]
[WhiteElo "2177"]
[BlackElo "1960"]
[WhiteFideId "414620"]
[BlackFideId "639532"]
[EventDate "2012.12.01"]

1. c4 g6 2. Nc3 Bg7 3. Nf3 Nc6 4. g3 e5 5. Bg2 d6 6. O-O f5 7. e3 e4 8. Ne1 Be6
9. Qa4 Bd7 10. Qd1 Ne5 11. d3 exd3 12. Nxd3 Nxc4 13. Qb3 Na5 14. Qa3 Nc6 15. e4
Nge7 16. Re1 O-O 17. Bg5 Bf6 18. Qb3+ Kg7 19. Bxf6+ Rxf6 20. exf5 Bxf5 21. Nf4
Nd4 22. Qxb7 Nec6 23. Bxc6 Rb8 24. Qa6 Rb6 25. Qc4 Nxc6 26. Ncd5 Ne5 27. Qe2 Bg4
28. Qe3 Nf3+ 29. Kh1 Nxe1 30. Nxb6 Nc2 31. Qc3 Nxa1 32. Nbd5 g5 33. h3 gxf4 34.
hxg4 c6 1/2-1/2

[Event "4th London Classic Open"]
[Site "London ENG"]
[Date "2012.12.03"]
[Round "3"]
[White "Hortillosa,A"]
[Black "Tozer,Philip A A"]
[Result "0-1"]
[WhiteElo "1963"]
[BlackElo "2176"]
[WhiteFideId "2038749"]
[BlackFideId "419982"]
[EventDate "2012.12.01"]

1. e4 e6 2. d3 d5 3. Nd2 Nf6 4. g3 dxe4 5. dxe4 Nc6 6. Bg2 e5 7. Ngf3 Bc5 8. O-O
O-O 9. h3 a5 10. Qe2 b6 11. Rd1 Ba6 12. c4 Qe7 13. Nb3 Bd6 14. a4 Rad8 15. Bg5
h6 16. Be3 Qe6 17. Nbd2 Nb4 18. Rac1 Qe8 19. b3 Nd7 20. Nh4 Bc5 21. Nf1 Qe6 22.
Nf5 Bxe3 23. N1xe3 Kh7 24. Nd5 Nxd5 25. exd5 Qf6 26. Be4 g6 27. Ne3 Nc5 28. Ng4
Qg7 29. Bc2 Rfe8 30. h4 f5 31. Nh2 e4 32. Rd2 Qc3 33. Qd1 Qe5 34. Qe2 Rxd5 35.
Rxd5 Qxd5 36. Rd1 Qe5 37. h5 g5 38. Qd2 Kg7 39. Nf1 f4 40. Qe2 Bb7 41. Qg4 Bc8
42. Qe2 c6 43. f3 fxg3 44. fxe4 Rf8 45. Ne3 Rf2 46. Qe1 Nxe4 47. Rd8 Bh3 48.
Bxe4 Qxe4 49. Qc3+ Kf7 50. Rd2 Rxd2 51. Qxd2 Qb1+ 52. Qd1 Qxd1+ 53. Nxd1 Ke6 54.
Nc3 Bg4 55. c5 bxc5 56. Ne4 Bxh5 57. Nxc5+ Kd5 58. Nb7 Bd1 59. Nxa5 h5 60. Kg2
h4 61. Nc4 Bxb3 62. Nd2 Bxa4 63. Nf3 Ke4 64. Nxg5+ Kf4 65. Ne6+ Kg4 66. Nd4 h3+
67. Kg1 c5 68. Ne2 h2+ 0-1

[Event "4th London Classic Open"]
[Site "London ENG"]
[Date "2012.12.03"]
[Round "3"]
[White "Bermingham,Tony"]
[Black "Eden,T"]
[Result "0-1"]
[WhiteElo "1959"]
[BlackElo "2172"]
[WhiteFideId "2504103"]
[BlackFideId "2808439"]
[EventDate "2012.12.01"]

1. d4 Nf6 2. Nf3 e6 3. Bf4 b6 4. e3 Bb7 5. Bd3 Be7 6. Nbd2 d6 7. O-O Nh5 8. Re1
Nd7 9. h3 Nxf4 10. exf4 g6 11. Qe2 Nf6 12. g3 O-O 13. Ng5 Ne8 14. Ndf3 Ng7 15.
Be4 Bxe4 16. Nxe4 d5 17. Ned2 c5 18. c3 Nf5 19. g4 Ng7 20. c4 Bd6 21. cxd5 exd5
22. Qe3 Qc7 23. f5 cxd4 24. Qxd4 Bc5 25. Qxd5 Qg3+ 26. Kh1 Qxh3+ 27. Nh2 Bxf2
28. Re2 Rad8 29. Qf3 Qxf3+ 30. Nhxf3 Bd4 31. Nb3 Bf6 32. g5 Nxf5 33. Rc2 Bg7 34.
Re1 Rd3 35. Ne5 Bxe5 36. Rxe5 Rg3 37. Kh2 Rxg5 38. Rc7 Rd8 39. Rxa7 Rh5+ 40. Kg1
Rd1+ 41. Kf2 Rh2+ 42. Kf3 Rf1+ 43. Ke4 Re2+ 44. Kd5 Rd1+ 0-1

[Event "4th London Classic Open"]
[Site "London ENG"]
[Date "2012.12.03"]
[Round "3"]
[White "Phillips,William"]
[Black "Moloney,N"]
[Result "1/2-1/2"]
[WhiteElo "1950"]
[BlackElo "2168"]
[WhiteFideId "414344"]
[BlackFideId "405558"]
[EventDate "2012.12.01"]

1. d4 f5 2. Nf3 Nf6 3. g3 g6 4. Bg2 Bg7 5. c4 O-O 6. Nc3 d6 7. O-O Nc6 8. d5 Na5
9. Qd3 e5 10. dxe6 Bxe6 11. Nd5 Ne4 12. Nd4 Bf7 13. Nb3 Nxc4 14. Bxe4 fxe4 15.
Qxe4 c6 16. Nc3 d5 17. Qc2 Qd7 18. Nc5 Qh3 19. Nd3 Rae8 20. b3 Nd6 21. Ba3 Qd7
22. Rae1 b6 23. e3 g5 24. f4 Bg6 25. Qd2 d4 26. exd4 Bxd4+ 27. Nf2 c5 28. Rxe8
Rxe8 29. Re1 Rxe1+ 30. Qxe1 gxf4 31. Bc1 fxg3 32. hxg3 Nf5 33. Bf4 Ne7 34. Kg2
Nd5 35. Nxd5 Qxd5+ 36. Kh2 Qh5+ 37. Kg2 Bxf2 38. Qe6+ Bf7 39. Qc8+ Kg7 40. Kxf2
Qh2+ 41. Ke3 Qg1+ 42. Kd2 Qd4+ 43. Ke1 Qa1+ 44. Kf2 Qxa2+ 45. Kg1 Qb1+ 46. Kh2
Qc2+ 47. Kh3 Qe2 48. Qc7 Kg6 49. Qd6+ Qe6+ 50. Qxe6+ Bxe6+ 51. Kg2 Bxb3 52. Bb8
Bd5+ 53. Kf2 a5 54. Ba7 b5 55. Bxc5 Kf5 56. Bb6 a4 57. Bc5 Ke4 58. Ke2 Bc4+ 59.
Kd2 Kf3 60. Bd6 a3 61. Kc3 h5 62. Be5 Ke2 63. Bd6 a2 64. Kb2 Kd3 65. Bb4 Be6 66.
Be7 Bb3 67. Bf6 Kc4 68. Be5 Kb4 69. Bd6+ Ka4 70. Be5 b4 71. Bf6 Be6 72. Be5 Kb5
73. Bf6 Kc4 1/2-1/2

[Event "4th London Classic Open"]
[Site "London ENG"]
[Date "2012.12.03"]
[Round "3"]
[White "Guthrie,D"]
[Black "Fields,F"]
[Result "1-0"]
[WhiteElo "2167"]
[BlackElo "1933"]
[WhiteFideId "4300505"]
[BlackFideId "409367"]
[EventDate "2012.12.01"]

1. d4 Nf6 2. c4 e6 3. Nc3 Bb4 4. e3 O-O 5. a3 Bxc3+ 6. bxc3 d5 7. cxd5 exd5 8.
Bd3 c5 9. Ne2 Nc6 10. O-O cxd4 11. cxd4 Na5 12. f3 Be6 13. Rb1 Rc8 14. e4 dxe4
15. fxe4 Qc7 16. Bf4 Qd7 17. Bb5 Qe7 18. Bg5 Qxa3 19. Rf3 Qa2 20. Bxf6 gxf6 21.
Nc3 Qa3 22. Nd5 Qd6 23. Nxf6+ Kh8 24. e5 Qc7 25. Qe1 Rg8 26. Nxg8 Rxg8 27. Bd3
Qd8 28. Qe4 Rg7 29. Rg3 Bd5 30. Qf5 Qg8 31. Qf6 Nc6 32. Rxb7 Be6 33. Be4 1-0

[Event "4th London Classic Open"]
[Site "London ENG"]
[Date "2012.12.03"]
[Round "3"]
[White "Vachtfeidl,P"]
[Black "Ethelontis,A"]
[Result "0-1"]
[WhiteElo "1945"]
[BlackElo "2155"]
[WhiteFideId "315028"]
[BlackFideId "405469"]
[EventDate "2012.12.01"]

1. e4 e6 2. d4 d5 3. Nc3 Bb4 4. e5 c5 5. a3 Bxc3+ 6. bxc3 Ne7 7. Qg4 Kf8 8. Bd2
b6 9. h4 Ba6 10. Bxa6 Nxa6 11. h5 h6 12. Nf3 Qd7 13. a4 Rc8 14. Nh4 cxd4 15.
cxd4 Rc4 16. Rh3 Nf5 17. Nxf5 exf5 18. Qe2 Nc7 19. a5 b5 20. Rb1 Ne6 21. c3 a6
22. g4 Ng5 23. Bxg5 hxg5 24. e6 fxe6 25. gxf5 exf5 26. Qe5 Kf7 27. Re3 Rxh5 28.
Kd2 Rh4 29. Rg1 b4 30. Rxg5 bxc3+ 31. Rxc3 Rhxd4+ 32. Rd3 Rxd3+ 33. Kxd3 g6 34.
Qh8 Rc6 35. Qh7+ Ke8 36. Qg8+ Ke7 37. Rxg6 Rxg6 38. Qxg6 Qb5+ 39. Kd4 Qc4+ 40.
Ke3 Qe4+ 41. Kd2 Qd4+ 42. Ke1 Qf6 43. Qh7+ Kd6 44. Kd2 Ke5 45. Kd3 f4 46. Qc7+
Kf5 47. Qd7+ Qe6 48. Qh7+ Ke5 49. Qc7+ Kf5 50. Qh7+ Kg4 51. Qh1 f3 52. Qg1+ Kf5
53. Qd1 Qe4+ 54. Kc3 Qc4+ 55. Kb2 Qe2+ 56. Qc2+ Kf4 57. Kc3 Qxc2+ 58. Kxc2 Kg4 0-1

[Event "4th London Classic Open"]
[Site "London ENG"]
[Date "2012.12.03"]
[Round "3"]
[White "Eriksson,B1"]
[Black "Mehringer,Joerg"]
[Result "1/2-1/2"]
[WhiteElo "2154"]
[BlackElo "1874"]
[WhiteFideId "1702777"]
[BlackFideId "12915351"]
[EventDate "2012.12.01"]

1. e4 e5 2. Nf3 Nc6 3. Bb5 f5 4. d3 fxe4 5. dxe4 Nf6 6. Qe2 Bc5 7. Nc3 d6 8. Bg5
O-O 9. Bxc6 bxc6 10. Nxe5 Qe8 11. Nd3 Bd4 12. Bxf6 Rxf6 13. Nd1 Qg6 14. f3 Ba6
15. c3 Bxd3 16. Qxd3 Qxg2 17. Qf1 Qxf1+ 18. Rxf1 Be5 19. Ke2 Bxh2 20. Ne3 Bf4
21. Rad1 Re8 22. c4 Bxe3 23. Kxe3 g5 24. Rh1 Kg7 25. Rd3 Rb8 26. Rh2 Rh6 27. Rg2
Rg6 28. c5 h5 29. Rc2 g4 30. fxg4 hxg4 31. Ra3 Rb7 32. Kf4 d5 33. exd5 cxd5 34.
c6 Rb6 35. Rxa7 Rbxc6 36. Rxc7+ Rxc7 37. Rxc7+ Kf8 38. Kg3 Rb6 39. Rc2 Rb4 40.
Rd2 Ke7 41. a3 Rb3+ 42. Kxg4 Kd6 43. Kf4 Kc5 44. Rc2+ Kd4 45. Rh2 Kc5 46. Rd2
Rh3 47. Rc2+ Kb5 48. Ke5 Rd3 49. Rc3 1/2-1/2

[Event "4th London Classic Open"]
[Site "London ENG"]
[Date "2012.12.03"]
[Round "3"]
[White "Zymberi,As"]
[Black "De Lagontrie,J"]
[Result "0-1"]
[WhiteElo "2154"]
[BlackElo "1858"]
[WhiteFideId "4700295"]
[BlackFideId "605271"]
[EventDate "2012.12.01"]

1. d4 Nf6 2. c4 e5 3. dxe5 Ng4 4. Nf3 Bc5 5. e3 Nc6 6. Be2 O-O 7. O-O Re8 8. Nc3
Ngxe5 9. b3 Nxf3+ 10. Bxf3 Ne5 11. Be2 a5 12. Bb2 Ra6 13. Ne4 Bf8 14. f4 Ng4 15.
Bxg4 Rxe4 16. Qd3 Re8 17. Rae1 Rd6 18. Qc3 b6 19. e4 Rh6 20. h3 Bb7 21. Bf3 Qh4
22. Qc1 Qg3 23. Bd4 Rxh3 24. Re3 Be7 25. Rd1 Bh4 26. Qd2 Qh2+ 27. Kf1 Rg3 28.
Ree1 Rxf3+ 29. gxf3 Qh1+ 30. Ke2 Qg2+ 31. Ke3 Rxe4+ 32. Kd3 Qxd2+ 33. Rxd2 Rxe1
34. c5 bxc5 0-1

[Event "4th London Classic Open"]
[Site "London ENG"]
[Date "2012.12.03"]
[Round "3"]
[White "Ociepka,A"]
[Black "Watson,Darrell A"]
[Result "1-0"]
[WhiteElo "2143"]
[BlackElo "1758"]
[WhiteFideId "1141937"]
[BlackFideId "420476"]
[EventDate "2012.12.01"]

1. e4 c5 2. Nf3 d6 3. d4 cxd4 4. Nxd4 Nf6 5. Nc3 a6 6. Be3 e5 7. Nb3 Be6 8. Qd2
Nbd7 9. O-O-O Nb6 10. f4 Ng4 11. f5 Nc4 12. Bxc4 Bxc4 13. Bg5 f6 14. h3 Nh6 15.
Be3 Rc8 16. Kb1 Nf7 17. Qf2 Ng5 18. Bb6 Qe7 19. Rhe1 Bg8 20. Rd3 Bc4 21. Rd2 Bg8
22. h4 Rxc3 23. bxc3 Nf7 24. c4 Nh6 25. c5 Qd7 26. Red1 Ng4 27. Qf3 h5 28. cxd6
Bxb3 29. Qxb3 Nf2 30. Qe6+ Qxe6 31. fxe6 Nxd1 32. d7+ 1-0

[Event "4th London Classic Open"]
[Site "London ENG"]
[Date "2012.12.03"]
[Round "3"]
[White "Dror,L"]
[Black "Friedland,J"]
[Result "0-1"]
[BlackTitle "CM"]
[WhiteElo "1782"]
[BlackElo "2125"]
[WhiteFideId "2809583"]
[BlackFideId "408484"]
[EventDate "2012.12.01"]

1. e4 c5 2. Nf3 d6 3. d4 cxd4 4. Nxd4 Nf6 5. Nc3 a6 6. Bg5 e6 7. Qd2 Be7 8.
O-O-O Bd7 9. f3 Nc6 10. g4 b5 11. h4 b4 12. Nce2 Qb6 13. Be3 Qb7 14. Ng3 g6 15.
g5 Nh5 16. Nxh5 gxh5 17. Bg2 Ne5 18. Ne2 Rc8 19. b3 Bb5 20. Ng3 Bd3 21. Bd4
Rxc2+ 22. Qxc2 Bxc2 23. Kxc2 O-O 24. Rd2 Rc8+ 25. Kb1 Ng6 26. Nxh5 e5 27. Bb2
Qb6 28. Ng3 Nxh4 29. Rxh4 Bxg5 30. Rg4 f6 31. Nf1 h5 32. Rg3 Kf7 33. Re2 Qb5 34.
Rc2 Qd3 0-1

[Event "4th London Classic Open"]
[Site "London ENG"]
[Date "2012.12.03"]
[Round "3"]
[White "Sonnis,Steve"]
[Black "Luncasu,R"]
[Result "0-1"]
[WhiteElo "1660"]
[BlackElo "2118"]
[WhiteFideId "423041"]
[BlackFideId "1206222"]
[EventDate "2012.12.01"]

1. e4 c5 2. f4 Nc6 3. Nc3 e6 4. Nf3 Nge7 5. a3 a6 6. d3 g6 7. Be2 Bg7 8. O-O d5
9. Qe1 Nd4 10. Bd1 h6 11. e5 Nxf3+ 12. Bxf3 h5 13. Ne2 Bd7 14. Be3 Rc8 15. Rc1
Nf5 16. Bf2 b6 17. c3 g5 18. h3 gxf4 19. Nxf4 Qg5 20. Nxh5 Rxh5 21. Bxh5 Qxh5
22. g4 Qg6 23. Kh2 Ne7 24. d4 Bb5 25. Rg1 Bh6 26. Be3 Bxe3 27. Qxe3 Kd7 28. b3
Bd3 29. h4 Qe4 30. Qxe4 dxe4 31. h5 Ke8 32. Kg3 Kf8 33. Kf4 Kg7 34. Kg5 cxd4 35.
cxd4 Rxc1 36. Rxc1 Nd5 37. h6+ Kh7 38. Rc8 e3 39. Rc1 e2 40. Rh1 Ne3 41. Kf6 Nf1
42. Kxf7 e1=Q 43. g5 Qe4 44. Rg1 Qg6+ 45. Ke7 Ne3 0-1

[Event "4th London Classic Open"]
[Site "London ENG"]
[Date "2012.12.03"]
[Round "3"]
[White "Seymour,T"]
[Black "Haddock,Paul"]
[Result "1-0"]
[WhiteElo "2093"]
[BlackElo "1665"]
[WhiteFideId "412112"]
[BlackFideId "419150"]
[EventDate "2012.12.01"]

1. e4 e5 2. Nf3 Nc6 3. Bb5 Nf6 4. d3 Bc5 5. c3 d6 6. O-O O-O 7. Bg5 Bg4 8. Nbd2
a6 9. Ba4 b5 10. Bc2 h6 11. Bh4 Qe7 12. h3 Be6 13. Re1 g5 14. Bg3 Nh5 15. Nxe5
Nxg3 16. Nxc6 Qf6 17. d4 Nxe4 18. Nxe4 Qf4 19. g3 1-0

[Event "4th London Classic Open"]
[Site "London ENG"]
[Date "2012.12.03"]
[Round "3"]
[White "Wood,Peter R"]
[Black "Josse,Mar"]
[Result "1-0"]
[WhiteElo "1931"]
[BlackElo "2142"]
[WhiteFideId "422215"]
[BlackFideId "414476"]
[EventDate "2012.12.01"]

1. e4 c5 2. Nc3 a6 3. Nf3 b5 4. d4 cxd4 5. Nxd4 e6 6. a3 Bb7 7. Be2 Qc7 8. Bf3
d6 9. O-O Nf6 10. Qe2 Nbd7 11. g3 Be7 12. Bg2 O-O 13. Kh1 Nb6 14. f4 Nc4 15. g4
Rfe8 16. g5 Nd7 17. Rf3 Bf8 18. b3 Ncb6 19. Qf2 g6 20. Bb2 Bg7 21. Rd1 Rad8 22.
Rfd3 Qc5 23. Qd2 Rc8 24. Nce2 Qc7 25. Rc3 Qb8 26. Rxc8 Rxc8 27. Ng3 Qc7 28. c3
Nc5 29. f5 e5 30. Nde2 Bf8 31. Qc2 a5 32. h4 Qe7 33. Kh2 a4 34. Nc1 axb3 35.
Nxb3 Nc4 36. Nxc5 Rxc5 37. Bc1 Qc7 38. h5 Nb6 39. Qe2 Rxc3 40. Qxb5 Bc6 41. Qa5
Ba4 42. Re1 Rxc1 43. Rxc1 Qxc1 44. Qxb6 Qxg5 45. hxg6 hxg6 46. Qa7 Bd1 47. fxg6
fxg6 48. Qf2 Bh6 49. Bf1 Qh4+ 50. Kg2 Bf4 51. Bc4+ Kg7 52. Nf5+ 1-0

[Event "4th London Classic Open"]
[Site "London ENG"]
[Date "2012.12.03"]
[Round "3"]
[White "Veznik,Michael"]
[Black "Gregory,P"]
[Result "1-0"]
[WhiteElo "1877"]
[BlackElo "2071"]
[WhiteFideId "360287"]
[BlackFideId "407852"]
[EventDate "2012.12.01"]

1. e4 e5 2. Bc4 Nc6 3. Nc3 Nf6 4. Qe2 Nd4 5. Qd3 Bc5 6. Na4 Be7 7. c3 Nc6 8. b4
O-O 9. Nf3 d6 10. Nb2 b6 11. Bb5 Bd7 12. O-O a5 13. bxa5 Nxa5 14. Bxd7 Qxd7 15.
Qc2 Ra6 16. Nd1 Rfa8 17. Ne3 Bf8 18. Bb2 Nc6 19. a3 Ne7 20. d3 Ng6 21. c4 c6 22.
d4 exd4 23. Nxd4 d5 24. exd5 cxd5 25. cxd5 Nxd5 26. Qe4 Nf6 27. Qd3 Nf4 28. Qb3
Bxa3 29. Rxa3 Rxa3 30. Bxa3 Qxd4 31. Bb2 Qe4 32. f3 Qd3 33. Qxd3 Nxd3 34. Bxf6
gxf6 35. Rd1 Rd8 36. Ng4 Kg7 37. Nf2 1-0

[Event "4th London Classic Open"]
[Site "London ENG"]
[Date "2012.12.03"]
[Round "3"]
[White "Whitehead,D"]
[Black "Phillips,O"]
[Result "1-0"]
[WhiteElo "2059"]
[BlackElo "1926"]
[WhiteFideId "406813"]
[BlackFideId "417882"]
[EventDate "2012.12.01"]

1. e4 e6 2. d4 d5 3. Nc3 Nf6 4. Bg5 Be7 5. e5 Nfd7 6. h4 h6 7. Bxe7 Qxe7 8. Qg4
g6 9. O-O-O a6 10. f4 h5 11. Qh3 b5 12. g4 Nb6 13. gxh5 Rxh5 14. Be2 Rh8 15. Qg4
Bb7 16. h5 N8d7 17. Nf3 gxh5 18. Rxh5 O-O-O 19. Rdh1 Rhg8 20. Rg5 Rgf8 21. Rg7
Nc4 22. Bxc4 dxc4 23. Rhh7 Bxf3 24. Qxf3 Nb6 25. Ne2 Qd7 26. Qh5 c5 27. Rxf7
Rxf7 28. Rxf7 Qd5 29. c3 Qe4 30. f5 b4 31. fxe6 bxc3 32. bxc3 Qe3+ 33. Kd1 cxd4
34. e7 Re8 35. Rf8 Kd7 36. Qxe8+ Ke6 37. Qf7+ 1-0